00688cam a22002657a 4500003000500000005001700005008004100022010000900063011000900072035000900081040000900090082001600099110000800115245002000123260002300143300001100166410000800177490003700185505009400222650002500316700001800341700001800359810000800377830003700385CHAP20220817041140.0971013s1992 r 00010 d a7473 a8445 a7671 cCHAP a633.85bF32 aFAO 0aMinor oil crops aRome :bFAO,c1992 a241 p. aFAO 0aFAO. Servicios agrícolasv; 94 aContenido: Part. I. Edible oils -- Part. II. Non-edible oils -- Part. III. Essential oils14aPlantas oleaginosas.0 aAxtell, B. L.0 aFairman, R.M.0 aFAO00aFAO. Servicios agrícolasv; 94